| 000 | 00684nam a22002057a 4500 | ||
|---|---|---|---|
| 008 | 150520b xxu||||| |||| 00| 0 eng d | ||
| 020 | _a0324015003 | ||
| 041 | 0 | _aeng | |
| 080 | _a347 | ||
| 100 | 1 | _aTwomey, David P. | |
| 245 | 1 | 0 |
_aAnderson's Business law & the regulatory environment : _cDavid P. Twomey, Marianne Moody Jennings, Ivan Fox. |
| 246 | 3 | _aAnderson's Business law and the regulatory environment | |
| 250 | _a14th ed. | ||
| 260 |
_aCincinnati, Ohio : _bWest Legal Studies in Business, _cc2001. |
||
| 300 |
_a1346 f. : _bme il.; _c26 cm. |
||
| 650 | 0 | _aE drejta penale | |
| 700 | 1 | _aJennings, Marianne. | |
| 700 | 1 | _aFox, Ivan, | |
| 942 |
_2udc _cBK |
||
| 999 |
_c856 _d856 |
||